Reinventing eden : (Registro nro. 57092)
[ vista simple ]
| 000 -LEADER | |
|---|---|
| fixed length control field | 00746nam a2200229 a 4500 |
| 001 - CONTROL NUMBER | |
| control field | 57092 |
| 005 - DATE AND TIME OF LATEST TRANSACTION | |
| control field | 20180714053149.0 |
| 008 - FIXED-LENGTH DATA ELEMENTS--GENERAL INFORMATION | |
| fixed length control field | 140415s2004 xxua 000 0 spa d |
| 020 ## - INTERNATIONAL STANDARD BOOK NUMBER | |
| International Standard Book Number | 0-415-93164-9 |
| 041 ## - LANGUAGE CODE | |
| Language code of text/sound track or separate title | spa |
| 082 0# - DEWEY DECIMAL CLASSIFICATION NUMBER | |
| Classification number | 304.28 |
| Item number | MER |
| 100 1# - MAIN ENTRY--PERSONAL NAME | |
| Personal name | Merchant, Carolyn |
| Relator term | autor |
| 245 10 - TITLE STATEMENT | |
| Title | Reinventing eden : |
| Remainder of title | the fate of nature in western culture / |
| Statement of responsibility, etc. | Carolyn Merchant. |
| 250 ## - EDITION STATEMENT | |
| Edition statement | 1a ed. |
| 264 #1 - PRODUCTION, PUBLICATION, DISTRIBUTION, MANUFACTURE, AND COPYRIGHT NOTICE | |
| Place of production, publication, distribution, manufacture | Estados Unidos de América : |
| Name of producer, publisher, distributor, manufacturer | Taylor and Francis, |
| Date of production, publication, distribution, manufacture, or copyright notice | 2000 |
| 300 ## - PHYSICAL DESCRIPTION | |
| Extent | xii, 308 páginas : |
| Other physical details | ilustraciones ; |
| Dimensions | 23 cm. |
| 336 ## - CONTENT TYPE | |
| Content type term | texto |
| Source | rdacontent |
| 337 ## - MEDIA TYPE | |
| Media type term | sin mediación |
| Source | rdamedia |
| 338 ## - CARRIER TYPE | |
| Carrier type term | volumen |
| Source | rdacarrier |
| 650 04 - SUBJECT ADDED ENTRY--TOPICAL TERM | |
| Topical term or geographic name entry element | Ecología humana |
| General subdivision | Filosofía |
| 650 04 - SUBJECT ADDED ENTRY--TOPICAL TERM | |
| Topical term or geographic name entry element | Ecología humana |
| General subdivision | Historía |
| Withdrawn status | Lost status | Source of classification or shelving scheme | Damaged status | Not for loan | Collection code | Home library | Current library | Shelving location | Date acquired | Source of acquisition | Inventory number | Total Checkouts | Full call number | Barcode | Date last seen | Price effective from | Koha item type |
|---|---|---|---|---|---|---|---|---|---|---|---|---|---|---|---|---|---|
| Dewey Decimal Classification | General | Centro de Estudios en Ciencia y Religión | Centro de Estudios en Ciencia y Religión | Sala general | 03/12/2013 | Compra | 151000000000000000077729 | 304.28 MER 2004 | 86224 | 05/01/2026 | 20/11/2015 | Libro |